000 01293nam a2200337Ia 4500
001 ebr10463865
003 CaPaEBR
006 m u
007 cr cn|||||||||
008 070212s2006 enk sb 001 0 eng d
020 _z1855754568
020 _z9781855754560
040 _aCaPaEBR
_cCaPaEBR
035 _a(OCoLC)727951760
050 1 4 _aPR3408.S48
_bA37 2006eb
100 1 _aAbse, Leo.
245 1 4 _aThe bi-sexuality of Daniel Defoe
_h[electronic resource] :
_ba psychoanalytic survey of the man and his works /
_cLeo Abse.
260 _aLondon :
_bKarnac Books,
_c2006.
300 _ax, 308 p.
504 _aIncludes bibliographic references and index.
533 _aElectronic reproduction.
_bPalo Alto, Calif. :
_cebrary,
_d2011.
_nAvailable via World Wide Web.
_nAccess may be limited to ebrary affiliated libraries.
600 1 0 _aDefoe, Daniel,
_d1661?-1731
_xPsychology.
650 0 _aBisexuality
_xHistory.
650 0 _aBisexuality in literature.
650 0 _aAuthors
_xHistory.
650 0 _aLiterature
_xHistory.
650 0 _aPsychoanalysis
_xHistory.
655 7 _aElectronic books.
_2local
710 2 _aebrary, Inc.
856 4 0 _uhttp://site.ebrary.com/lib/rucke/Doc?id=10463865
_zAn electronic book accessible through the World Wide Web; click to view
999 _c231656
_d231656